| 000 | 00632 a2200181 4500 | ||
|---|---|---|---|
| 008 | 110607t xxu||||| |||| 00| 0 eng d | ||
| 020 | _a9780750656191 | ||
| 245 | _aStrategic information management | ||
| 250 | _a3rd ed. | ||
| 260 |
_bRoutledge _c2009 _aLondon |
||
| 300 |
_axiv,625 p. _c24 cm. |
||
| 650 |
_aInformation technology _eManagement |
||
| 650 | _aManagement information systems | ||
| 650 | _aElctronic books | ||
| 700 | _aRobert D.Galliers and Dorothy E.Leidner. | ||
| 942 |
_cBK _2lcc |
||
| 999 |
_c38425 _d38425 |
||